1230 1684 1346 1389 1275 1847 1515 1318 1477 1621 1626 1685 1489 1689 1372 1246 1092 1070 1034 1793 1242 1648 1948 1639 1753 1507 1888 1790 1785 1468 1889 1759 1645 1419 1288 1989 1852 1288 1604 1225 1187 1735 1925 1452 1002 1866 1635 1872 1453 1959 1502 1271 1584 1153 1487 1544 1110 1749 1803 1744 1120 1695 1232 1035 1858 1426 1942 1714 1256 1714 1246 1416 1536 1391 1365 1142 1743 1241 1404 1661 1271 1622 1784 1739 1203 1783 1710 1805 1363 1583 1330 1213 1562 1048 1731 1228 1797 1214 1185 BCNSPRNW ULIB Ver.6.0+V

เปลี่ยนเป็นภาษาไทย

Change to English
 แสดงรายละเอียดบรรณานุกรม
  กลับหน้าหลัก

Brief Record : Get Marc (ISO 2709) : E-mail record : QR code < ปิดหน้าต่าง
LEADER : 00000nam 2200000uu 4500
001    13399128987
003     ULIB
008    020711s2553 th a 000 0 tha d
060    ^aวจ.^bWY100^cป344ป
100    ^aประภาศรี ทุ่งมีผล, กิ่งแก้ว แสงสว่าง, วันดี แย้มจันทร์ฉาย และรวีวรรณ ยศวัฒน.
245    ^aประสิทธิภาพการสอนของอาจารย์พยาบาล ตามการรับรู้ของนักศึกษาพยาบาล วิทยาลัยพยาบาลบรมราชชนนี สวรรค์ประชารักษ์ นครสวรรค์ = Efficiency of teaching in the perception of nursing students, Boromarajonani College of Nursing Sawanpracharak Nakhonsawan.
260     ^bม.ป.ท.,^c2553
300    ^a143 หน้า;^c28 ซม.
650    ^aพยาบาล-การสอน
945    ^p0^l0^i011241
999    ^aประนอม เกษจรัล
รายการนี้ยังไม่มีแท็ก
คุณยังไม่ได้ล็อกอิน คุณสามารถมีกิจกรรมร่วมกับเว็บไซต์ได้ แต่ต้องล็อกอินก่อน ::
  ล็อกอิน

รายการสื่อสารสนเทศ

ลำดับที่ ประเภท เลขเรียก/บาร์โค้ด สถานที่ สถานะ
1. Book การพยาบาล
หนังสือสำรอง
สถานะ=หนังสือสำรอง
วจ. WY100 ป344ป ฉ.1 
  Barcode: 011241
ห้องสมุดวิทยาเขตสวรรค์ประชารักษ์
►หนังสือทั่วไป
บนชั้น

BibComment


ยังไม่เคยถูกคอมเมนท์

คอมเมนท์ทรัพยากรรายการนี้
  คอมเมนท์: ประสิทธิภาพการสอ..


 Copyright 2026. Bcnsprnw @Library